LEADER 01513nam a2200349 u 4500 001 000000040748 003 CaOOAMICUS 005 20070226114133.0 008 980602s1998 it u000 u ita u 020 $a8810402650 (v. 1) 020 $a8810402669 (v. 2) 035 $a10797235 040 $aIPA$bita 100 1 $aRinaldi, Giancarlo.$0(OLS)http://pul/name/2379 245 13$aLa Bibbia dei pagani /$cGiancarlo Rinaldi. 260 $aBologna :$bEdizioni Dehoniane,$c1998. 300 $a2 v. ;$c22 cm 490 1 $aLa Bibbia nella storia ;$v19-20 500 $aComprende riferimenti bibliografici e indice. 505 0 $av. 1. Quadro storico -- v. 2. Testi e documenti. 650 4$aCristianesimo e altre religioni$xPaganesimo.$0(OLS)http://pul/subject/92 830 3$aLa Bibbia nella storia ;$v19-20.$0(OLS)http://pul/title/21457 850 $aPUL 852 $aPUL$W1$xSL Religione 1$y3$m1 D 88-89$j55340$nBK-PRI$b $qStampati$B55340$CPULBib$Z2$F55340 $H $81 852 $aPUL$W1$xSL Religione 1$y3$m1 D 88-89$j55340$nBK-PRI$b $qStampati$B55341$CPULBib$Z2$F55341 $H $81 941 1 $a8 961 $aINV: 77912-13 961 $aINV: 77912-13 996 $6020$a8810402650 (v. 1)$9(OLS)http://pul/number/50549 996 $6020$a8810402669 (v. 2)$9(OLS)http://pul/number/50550 996 $6245$aLa Bibbia dei pagani$9(OLS)http://pul/title/54938 996 $6260$aBologna :$bEdizioni Dehoniane$9(OLS)http://pul/publisher/48070 LEADER 01587nam a2200313 u 4500 001 000000049692 003 CaOOAMICUS 005 20070226115135.0 008 000707s2000 it u000 u ita u 020 $a8837217811 035 $a10851883 040 $aPUL$bita 245 00$aMale, Bibbia e occidente :$batti del Convegno Internazionale "Colui che fa il bene e crea il male (Is 45,7). Male, Bibbia e Occidente", Padova, 25-26 aprile 1998 /$cBiblia, Associazione laica di cultura biblica ; a cura di Paolo Lombardi ; prefazione di Piero Stefani. 260 $aBrescia :$bMorcelliana,$c2000. 300 $a144 p. ;$c23 cm 504 $a"Bibliografia": p. [139]-141. 630 04$aBiblia.$0(OLS)http://pul/subject/2876 650 4$aBene e male.$0(OLS)http://pul/subject/7492 700 1 $aLombardi, Paolo.$0(OLS)http://pul/name/35898 700 1 $aStefani, Piero,$d1949-$0(OLS)http://pul/name/25195 710 2 $aBiblia. Associazione laica di cultura biblica.$0(OLS)http://pul/name/35485 850 $aPUL 852 $aPUL$W1$xDP1 Cons. Gen., Altre Classi 1$y22$m780 A 177$j65983$nBK-PRI$b $qStampati$B65983$CPULBib$Z2$F65983 $H $81 941 1 $a8 960 $aBibbia$92876 961 $aINV: 82354 996 $6020$a8837217811$9(OLS)http://pul/number/62837 996 $6245$aMale, Bibbia e occidente :$batti del Convegno Internazionale "Colui che fa il bene e crea il male (Is 45,7). Male, Bibbia e Occidente", Padova, 25-26 aprile 1998$9(OLS)http://pul/title/66972 996 $6260$aBrescia :$bMorcelliana$9(OLS)http://pul/publisher/47854